Naga : (Record no. 6064)
[ view plain ]
| 000 -LEADER | |
|---|---|
| fixed length control field | 00684nam a22001817a 4500 |
| 003 - CONTROL NUMBER IDENTIFIER | |
| control field | OSt |
| 005 - DATE AND TIME OF LATEST TRANSACTION | |
| control field | 20251124111242.0 |
| 008 - FIXED-LENGTH DATA ELEMENTS--GENERAL INFORMATION | |
| fixed length control field | 251124b |||||||| |||| 00| 0 eng d |
| 040 ## - CATALOGING SOURCE | |
| Original cataloging agency | DWC-Main Lib. |
| Transcribing agency | OC |
| 082 ## - DEWEY DECIMAL CLASSIFICATION NUMBER | |
| Classification number | SC. 959.9109 G377n 2003 |
| 100 ## - MAIN ENTRY--PERSONAL NAME | |
| Personal name | Gerona, Danilo M. |
| 245 ## - TITLE STATEMENT | |
| Title | Naga : |
| Remainder of title | the birth and rebirth of a city/ |
| Statement of responsibility, etc. | Danilo M. Gerona |
| 260 ## - PUBLICATION, DISTRIBUTION, ETC. | |
| Place of publication, distribution, etc. | Naga City : |
| Name of publisher, distributor, etc. | Local Government Unit, |
| Date of publication, distribution, etc. | c2003. |
| 300 ## - PHYSICAL DESCRIPTION | |
| Extent | iv, 178 pages : |
| Other physical details | illustrations ; |
| Dimensions | 22 cm. |
| 650 ## - SUBJECT ADDED ENTRY--TOPICAL TERM | |
| Topical term or geographic name entry element | 1. Local history--Naga City (Camarines Sur). |
| 650 ## - SUBJECT ADDED ENTRY--TOPICAL TERM | |
| Topical term or geographic name entry element | 2. Naga City (Camarines Sur)--History. I. Obias, Jose Fernando P. II. Imperial, Danilo T. III. Bordado, Gabriel H. |
| 942 ## - ADDED ENTRY ELEMENTS (KOHA) | |
| Source of classification or shelving scheme | Dewey Decimal Classification |
| Koha item type | Special Collection |
| Call number prefix | SC. |
| Suppress in OPAC | No |
| 952 ## - LOCATION AND ITEM INFORMATION (KOHA) | |
| -- | |
| Withdrawn status | Lost status | Source of classification or shelving scheme | Damaged status | Not for loan | Home library | Current library | Shelving location | Date acquired | Source of acquisition | Total Checkouts | Full call number | Barcode | Date last seen | Copy number | Price effective from | Koha item type | Uniform Resource Identifier |
|---|---|---|---|---|---|---|---|---|---|---|---|---|---|---|---|---|---|
| Dewey Decimal Classification | College Library | College Library | Special Collection | 03/04/2014 | Donation | SC. 959.9109 G377n 2003 | CL50566 | 11/24/2025 | c1 | 11/24/2025 | SC |